ბათუმის შოთა რუსთაველის სახელმწიფო უნივერსიტეტის ბიბლიოთეკა

მოგონებები ივანე ბერიტაშვილზე : (ბიბ.ჩანაწერი № 60319)

000 -ლიდერი
ფიქსირებული სიგრძის საკონტროლო ველი 01188nam a22002057a 4500
003 - საკონტროლო ნომრის იდენტიფიკატორი
საკონტროლო ველი Ge_BSU
005 - ბოლო ოპერაციის თარიღი და დრო
საკონტროლო ველი 20230628170250.0
008 - ფიქსირებული სიგრძის მონაცემთა ელემენტები - ზოგადი ინფორმაცია
ფიქსირებული სიგრძის საკონტროლო ველი 230628s2014 ge ||||| |||| 00| 0 geo d
041 ## - ენის კოდი
Language code of text/sound track or separate title geo
080 ## - უნივერსალური ათობითი კლასიფიკაციის ინდექსი
Universal Decimal Classification number 612.8(479.22)+ 821.353.1-94 მ-80
245 ## - ცნობა სათაურის შესახებ
Title მოგონებები ივანე ბერიტაშვილზე :
Remainder of title [კრებული] /
Statement of responsibility, etc საქ. მეცნ. ეროვნ. აკადემია; წიგნი გამოსაც. მოამზადა ნანა კიკნაძემ; რედ. თემურ ნანეიშვილი.
264 ## - წარმოების, გამოცემის, დისტრიბუციის და სხვა ცნობები
გამოცემის, წარმოების, დისტრიბუციის... ადგილი თბილისი,
გამოცემის, წარმოების, დისტრიბუციის... თარიღი 2014.
300 ## - ფიზიკური აღწერა
Extent 252 გვ. :
Other physical details ფოტ. ;
Dimensions 20 სმ.
653 ## - INDEX TERM--UNCONTROLLED
Uncontrolled term ბერიტაშვილი, ი., 1885-1974 (ივანე)
653 ## - INDEX TERM--UNCONTROLLED
Uncontrolled term ქართველი ნეიროქირურგები
700 ## - ADDED ENTRY--PERSONAL NAME
Personal name კიკნაძე, ნანა
Relator term წიგნის გამომცემელი
9 (RLIN) 17535
700 ## - ADDED ENTRY--PERSONAL NAME
Personal name ნანეიშვილი, თემურ
Relator term რედაქტორი
9 (RLIN) 12702
710 ## - ADDED ENTRY--CORPORATE NAME
Corporate name or jurisdiction name as entry element საქ. მეცნ. ეროვნ. აკადემია
9 (RLIN) 11468
942 ## - ADDED ENTRY ELEMENTS (KOHA)
Source of classification or shelving scheme
Koha item type წიგნი
ეგზემპლარები
ჩამოწერის სტატუსი დაკარგული ეგზემპლარის სტატუსი კლასიფიკაციის წყარო ან თაროზე გაწყობის სქემა დაზიანების სტატუსი არ გაიცემა მუდმივი მდებარეობა (დაცვის ადგილი) ამჟამინდელი ადგილსამყოფელი თაროზე განთავსების ადგილი შეძენის თარიღი ღირებულება, შესყიდვის ნორმალური ფასი სრული შენახვის შიფრი შტრიხკოდი ბოლო ოპერაციის თარიღი ეგზემპლარის მიმდევრობითი ნომერი (კეტერი?) Uniform Resource Identifier ფასის ძალაში შესვლის თარიღი ეგზემპლარის სახეობა საჯარო შენიშვნა
          ბათუმის შოთა რუსთაველის სახელმწიფო უნივერსიტეტის მთავარი ბიბლიოთეკა ბათუმის შოთა რუსთაველის სახელმწიფო უნივერსიტეტის მთავარი ბიბლიოთეკა წიგნსაცავი 2023-06-28 5.00 612.8(479.22)+ 821.353.1-94 მ-80 64845 2023-06-28 64845 ბსუ-ს საპატიო დოქტორის გურამ ლორთქიფანიძის საჩუქარი 2023-06-28 წიგნი 5 ლ.